Joueurs avec 50 buts pour le PSG - Statistiques

Statistiques générales
  • Ce quiz a été pris 885 fois
  • Le résultat moyen est 9 sur 14
Statistiques - réponses
Buts Pays Joueur % Correct
200 Uruguay Edinson Cavani
100%
156 Suède Zlatan Ibrahimovic
98%
90 France Kylian Mbappé
97%
69 Brésil Neymar
87%
109 Portugal Pauleta
86%
55 Libéria George Weah
81%
81 Argentine Angel Di Maria
80%
72 Brésil Rai
56%
98 Algérie Mustapha Dahleb
41%
85 Yougoslavie (Bosnie-Herzégovine) Safet Susic
40%
100 France Dominique Rocheteau
36%
56 France Guillaume Hoarau
31%
71 Argentine Carlos Bianchi
16%
95 République du Congo François M'Pelé
13%
Aucun quiz correspondant
Distribution des résultats
% des personnes avec chaque résultat
Percentile par nombre de réponses
Votre historique - résultats
Vous n’avez pas pris ce quiz